000 00263nam a2200109 a 4500
005 20140414132026.0
008 110315s19uu xx 00 eng d
050 _aTR
_bG57 2005
100 _aErnst, Lisa Campbell
245 _aGoldilocks returns.
999 _c113548
_d113548